000 00437nam a2200181Ia 4500
003 GCL
008 140319s9999 xx 000 0 eng d
040 _aGCL /
_cGCL
082 0 4 _a745.4
_bW D
100 1 _aWILLIAMS, PAT
245 1 0 _aDESIGN AND TECHNOLOGY /
_cWILLIAMS, PAT
700 1 _aJINKS, DAVID
260 _a[S.N] :
_bTHE FALMER PRESS ،
_c1985
300 _a127 P
650 0 4 _aDESIGN
650 0 4 _aTOYS
942 _2ddc
_cBK
999 _c21373
_d21373